| 000 | 00328nam a2200133Ia 4500 | ||
|---|---|---|---|
| 005 | 20260326235448.0 | ||
| 008 | 260326s9999||||xx |||||||||||||| ||und|| | ||
| 100 | _aPalladio, Andrea | ||
| 245 | 4 |
_aThe Four Books of Architecture / _cAndrea Palladio |
|
| 260 | _bMIT Press | ||
| 300 | _a436 p. | ||
| 650 | _aHISTORIA | ||
| 942 | _cBK | ||
| 999 |
_c7652 _d7652 |
||